Oscar Nominees (2015) Quiz Stats

 Plays Quiz Updated Jan 17, 2018

Challenge
Share
Tweet
Embed
Score 0/101 Timer 08:00
0 Plays Today
Category Answer % Correct
Best PictureThe Revenant
94.4%
Best EditingThe Revenant
94.4%
Best Production DesignThe Revenant
94.4%
Best Costume DesignThe Revenant
94.4%
Best CinematographyThe Revenant
94.4%
Best Sound MixingThe Revenant
94.4%
Best Sound EditingThe Revenant
94.4%
Best Visual EffectsThe Revenant
94.4%
Best Makeup/HairstylingThe Revenant
94.4%
Best ActorLeonardo DiCaprio - The Revenant
94.3%
Best PictureSpotlight
75.4%
Original ScreenplaySpotlight
75.4%
Best EditingSpotlight
75.4%
Best PictureMad Max: Fury Road
72.7%
Best EditingMad Max: Fury Road
72.7%
Best Production DesignMad Max: Fury Road
72.7%
Best Costume DesignMad Max: Fury Road
72.7%
Best CinematographyMad Max: Fury Road
72.7%
Best Sound MixingMad Max: Fury Road
72.7%
Best Sound EditingMad Max: Fury Road
72.7%
Best Visual EffectsMad Max: Fury Road
72.7%
Best Makeup/HairstylingMad Max: Fury Road
72.7%
Best PictureRoom
72.1%
Adapted ScreenplayRoom
72.1%
Best PictureThe Martian
71.1%
Adapted ScreenplayThe Martian
71.1%
Best Production DesignThe Martian
71.1%
Best Sound MixingThe Martian
71.1%
Best Sound EditingThe Martian
71.1%
Best Visual EffectsThe Martian
71.1%
Original ScreenplayInside Out
70%
Best Animated FeatureInside Out
70%
Best PictureThe Big Short
69.7%
Adapted ScreenplayThe Big Short
69.7%
Category Answer % Correct
Best EditingThe Big Short
69.7%
Best Supporting ActorTom Hardy - The Revenant
69%
Best ActorMatt Damon - The Martian
68.1%
Best ActressCate Blanchett - Carol
67.6%
Best EditingStar Wars: The Force Awakens
67.1%
Best Sound MixingStar Wars: The Force Awakens
67.1%
Best Sound EditingStar Wars: The Force Awakens
67.1%
Best Visual EffectsStar Wars: The Force Awakens
67.1%
Best Original ScoreStar Wars: The Force Awakens
67.1%
Best ActressJennifer Lawrence - Joy
66.8%
Best ActorEddie Redmayne - The Danish Girl
66.3%
Adapted ScreenplayCarol
65.6%
Best Costume DesignCarol
65.6%
Best CinematographyCarol
65.6%
Best Original ScoreCarol
65.6%
Best ActressBrie Larson - Room
65.2%
Best Supporting ActorMark Ruffalo - Spotlight
62.6%
Best PictureBridge of Spies
62.3%
Original ScreenplayBridge of Spies
62.3%
Best Production DesignBridge of Spies
62.3%
Best Sound MixingBridge of Spies
62.3%
Best Original ScoreBridge of Spies
62.3%
Best Production DesignThe Danish Girl
61.3%
Best Costume DesignThe Danish Girl
61.3%
Best PictureBrooklyn
60.8%
Adapted ScreenplayBrooklyn
60.8%
Best Supporting ActorChristian Bale - The Big Short
60.5%
Best Supporting ActressKate Winslet - Steve Jobs
57.9%
Best Supporting ActressRooney Mara - Carol
57.6%
Best ActorMichael Fassbender - Steve Jobs
57.4%
Best DirectorAlejandro González Iñárritu - The Revenant
56.6%
Best Supporting ActorSylvester Stallone - Creed
56.1%
Best Supporting ActressRachel McAdams - Spotlight
54.7%
Best Supporting ActressAlicia Vikander - The Danish Girl
54.6%
Category Answer % Correct
Best CinematographyThe Hateful Eight
54.2%
Best Original ScoreThe Hateful Eight
54.2%
Best ActressSaoirse Ronan - Brooklyn
51.9%
Best Supporting ActorMark Rylance - Bridge of Spies
50%
Best DirectorGeorge Miller - Mad Max: Fury Road
49.2%
Best ActorBryan Cranston - Trumbo
48.7%
Best Supporting ActressJennifer Jason Leigh - The Hateful Eight
43.2%
Best DirectorAdam McKay - The Big Short
43.2%
Best Original Song'Writing's on the Wall' - Spectre
43.1%
Original ScreenplayEx Machina
40.2%
Best Visual EffectsEx Machina
40.2%
Original ScreenplayStraight Outta Compton
40%
Best ActressCharlotte Rampling - 45 Years
40%
Best DirectorTom McCarthy - Spotlight
39.9%
Best DirectorLenny Abrahamson - Room
35.6%
Best Foreign FeatureSon of Saul - Hungary
34.1%
Best Animated FeatureAnomalisa
33%
Best CinematographySicario
32.9%
Best Sound EditingSicario
32.9%
Best Original ScoreSicario
32.9%
Best Original Song'Earned it' - Fifty Shades of Grey
32.4%
Best Costume DesignCinderella
28.6%
Best Animated FeatureShaun the Sheep Movie
28.5%
Best Original Song'Til it Happens to You' - The Hunting Ground
23.3%
Best Original Song'Simple Song #3' - Youth
22.6%
Best Foreign FeatureMustang - France
21.5%
Best Foreign FeatureA War - Denmark
20.7%
Best Animated FeatureWhen Marnie was There
20%
Best Animated FeatureBoy and the World
18.7%
Best Foreign FeatureTheeb - Jordan
18.5%
Best Makeup/HairstylingThe 100-Year-Old Man Who Climbed Out the Window and Disappeared
17.8%
Best Original Song'Manta Ray' - Racing Extinction
17.1%
Best Foreign FeatureEmbrace of the Serpent - Colombia
15.8%

You're not logged in!

Compare scores with friends on all Sporcle quizzes.
OR
Log In

You Might Also Like...

Show Comments

Extras

Top Quizzes Today


Score Distribution

Your Account Isn't Verified!

In order to create a playlist on Sporcle, you need to verify the email address you used during registration. Go to your Sporcle Settings to finish the process.

Report this User

Report this user for behavior that violates our Community Guidelines.

Details: